|
|
|
|
| LEADER |
00000nam0a2200000 4500 |
| 001 |
136986 |
| 005 |
20231031140845.0 |
| 035 |
|
|
|a (RuTPU)RU\TPU\book\148472
|
| 090 |
|
|
|a 136986
|
| 100 |
|
|
|a 20080430d1980 m y0rusy50 ca
|
| 101 |
0 |
|
|a rus
|
| 102 |
|
|
|a RU
|
| 105 |
|
|
|a a z 001zy
|
| 200 |
1 |
|
|a Мокрое золоулавливание в условиях оборотного водоснабжения
|f Л. И. Кропп, М. С. Харьковский
|
| 210 |
|
|
|a Москва
|c Энергия
|d 1980
|
| 215 |
|
|
|a 112 с.
|c ил.
|
| 320 |
|
|
|a Библиогр.: с. 108-110.
|
| 610 |
1 |
|
|a золоулавливание
|
| 610 |
1 |
|
|a водоснабжение
|
| 675 |
|
|
|a 621.311.22.002.5:621.1
|v 3
|
| 700 |
|
1 |
|a Кропп
|b Л. И.
|g Леонид Израилевич
|
| 701 |
|
1 |
|a Харьковский
|b М. С.
|g Михаил Семенович
|
| 801 |
|
1 |
|a RU
|b 63413507
|c 20080430
|g PSBO
|
| 801 |
|
2 |
|a RU
|b 63413507
|c 20081201
|g PSBO
|
| 942 |
|
|
|c BK
|